00903nam a2200217Ii 45000010005000000030009000050080041000140400033000550410008000880820019000961100042001152450153001572640068003103000012003783360026003903370028004163380027004449400050004719990017005219520147005385114CO-ViMGA241108s9999||||xx |||||||||||||| ||und|| aCO-ViMGAbspaerdacCO-ViMGA0 aspa04a631.478615 I591 aInstituto Geografico Agustin Codazzi,10aEstudio General de suelos de los municipios de Cabuyaro, Fuente de Oro, Puerto López, San Carlos de Guaroa y la Inspección de Barranca de Upía 1aBogotá, Colombia : Instituto Geografico Agustin Codazzi, 1978 avolumen atextbtxt2rdacontent aunmediatedbn2rdamedia avolumebnc2rdacarrier aidficha_siabuc: 4985. -- ficha_no_siabuc:5114 c47787d47787 001040708FPatriMetaaMEVIGERRbMEVIGERRcLOCALd2006-11-27o631.478615 I59pECA4172r2024-11-26 09:37:36tEj.1w2024-11-26yBKz4985 | 7139